000 00536nam a2200181Ia 4500
008 220216s9999 xx 000 0 und d
100 _aXu D
245 0 _aRolling friction and wear of organoclay-modified thermoplastic polyurethane rubbers against steel
260 _bKautschuk Gummi Kunststoffe
_c2008
300 _a98-106
650 _aOrganoclay
650 _aRolling friction
650 _aThermoplastic polyurethane (TPU)
650 _aWear mechanisms
700 _aKarger-Kocsis J
700 _aSchlarb A K
942 _cJS
999 _c67229
_d67229